000 00787nam a22002177a 4500
005 20100802163025.0
010 _aENG-97652
020 _a9788190754880
_c65.00
020 _a8190754882
_c65.00
035 _aEN-81155
037 _bDBAD/PUB
082 _a511.3
100 _aKannan, S.
_94591
245 _aAn introduction to discrete mathematics /
_cby S. Kannan
260 _aTirunchirappalli
_bR.J.Publishing House
_c2008
270 _a169, Darul Hikma, J. K. Nagar , Khajamalai
_bTirunchirappalli
_e620023
300 5 _a57p.
_c21cm (pbk)
500 _aIncludes bibliographical refrences
942 _2ddc
_cEN
_h511.3
_mKAN
999 _c38802
_d38802